000 00543nmm a2200193Ia 4500
008 251105s9999||||xx |||||||||||||||||und||
020 _a9788478448555
041 _aspa
100 _aHeinichen, Veit
245 0 _aMuerte en lista de espera
264 _a[Madrid, España] :
_bSiruela,
_c2013
300 _a312 páginas
490 _aNuevos Tiempos / Policiaca
650 _aThriller & Suspense
700 _aHeinichen, Veit
700 1 _a Blanco, Rosa Pilar
856 _uhttps://public.digitaliapublishing.com/a/31891
942 _cCF
999 _c66767
_d66767